| 000 | 00727nam a2200205 i 4500 | ||
|---|---|---|---|
| 001 | 154929 | ||
| 003 | ES-MaACL | ||
| 005 | 20251110063229.0 | ||
| 008 | 040824s1681 fr |||| | fre d | ||
| 040 |
_aCAM _bspa _cCAM |
||
| 100 | 1 |
_aGuise, Henri de Lorraine, _cDuc de, _d1614-1664 _9127634 |
|
| 245 | 1 | 4 | _aLes mémoires d'Henri de Lorraine Duc de Guise. |
| 250 | _aNouvelle edition. | ||
| 260 |
_aA Paris : _bchez la veuve d'Edme Martin ... & Sebastien Mabre-Cramoisy ..., _c1681. |
||
| 300 |
_a[10], 580, [6] p. ; _c12º. |
||
| 597 | _aSign.: a6, A-2A12, 2B5. | ||
| 597 | _aPort. con escudo grab. calc. | ||
| 852 |
_aES-MaACL _jR-991 _z-- Enc. pasta española _x Olim: G-9066 |
||
| 999 |
_c154929 _d154929 |
||